Best Premier League Players on FIFA Soccer 13 - Statistics

General Stats
  • This quiz has been taken 9,815 times
  • The average score is 6 of 13
Answer Stats
Hint Answer % Correct
CF Wayne Rooney (89)
84%
ST Robin van Persie (88)
69%
CB Nemanja Vidić (89)
66%
LB Ashley Cole (84)
62%
LM Nani (85) / Gareth Bale (85)
55%
CAM David Silva (88)
51%
LW Eden Hazard (87)
49%
CM Yaya Touré (86)
45%
GK Hugo Lloris (86)
40%
RM Antonio Valencia (83)
21%
RW Theo Walcott (81) / Hatem Ben Arfa (81)
21%
RB Maicon (84)
13%
CDM Cheick Tioté (82) / Scott Parker (82)
6%
No matching quizzes found
Score Distribution
Percent of People with Each Score
Percentile by Number Answered
Your Score History
You have not taken this quiz